Rastie záujem o dressingy

Prieskum trhu pochutín - dressingov, omáčok, majonéz, kečupov a horčíc. Obaly - plastové aj sklené. Skladovanie pochutín. Podpora predaja pochutín. Zásady merchandisingu pochutín. Kto je spotrebiteľom pochutín.

Salvato in:
Dettagli Bibliografici
Autore principale: Košťál, Daniel
Natura: Capitolo di libro
Lingua:slovacco
Soggetti:
Tags: Aggiungi Tag
Nessun Tag, puoi essere il primo ad aggiungerne!!

MARC

LEADER 00000naa a2200000 4500
001 r045906
005 20231004094200.3
041 0 |a slo 
044 |a SK 
245 1 0 |a Rastie záujem o dressingy  |c Daniel Košťál 
520 |a Prieskum trhu pochutín - dressingov, omáčok, majonéz, kečupov a horčíc. Obaly - plastové aj sklené. Skladovanie pochutín. Podpora predaja pochutín. Zásady merchandisingu pochutín. Kto je spotrebiteľom pochutín. 
610 2 0 |a prieskum trhu 
610 2 0 |a pochutiny 
610 2 0 |a podpora predaja 
610 2 0 |a merchandising 
610 2 0 |a obaly 
610 2 0 |a skladovanie 
610 2 0 |a spotrebitelia 
610 2 0 |a Slovensko 
100 1 |a Košťál, Daniel